| 000 | 01081nam a22002297a 4500 | ||
|---|---|---|---|
| 999 |
_c86942 _d86942 |
||
| 005 | 20200521125706.0 | ||
| 010 | _aUR-8613 B-547741-744 B-665791 | ||
| 020 |
_a9788192402055 _c110.00 |
||
| 035 | _aU-7168 B-547741-744 B-665791 | ||
| 037 | _bBPPD | ||
| 037 | _bDBAD/Pub. | ||
| 082 | _a841 | ||
| 100 | _aسليم اختر | ||
| 245 |
_aفکر اقبال کاتعارف / _cسليم ا ختر |
||
| 246 |
_aFikr-e-Iqbal ka Tuaraf / _bby Saleem Akhtar |
||
| 260 |
_aد ھلی _bا يم ايم پبليکيشنز _c2012 ء |
||
| 270 |
_a3108،گلی و کيل ،کو چہ پنڈ ت لال کنو ا ن _bد ھلی _e110006 _k9999047579 |
||
| 300 |
_a110ص _c22cm(Hb) |
||
| 942 |
_2ddc _cUR _e _h 841 _mا ق ب |
||